| 000 -ლიდერი |
| ფიქსირებული სიგრძის საკონტროლო ველი |
01448nam a2200265Ia 4500 |
| 001 - საკონტროლო ნომერი |
| საკონტროლო ველი |
23687 |
| 003 - საკონტროლო ნომრის იდენტიფიკატორი |
| საკონტროლო ველი |
GE_BSU |
| 005 - ბოლო ოპერაციის თარიღი და დრო |
| საკონტროლო ველი |
20250423143954.0 |
| 008 - ფიქსირებული სიგრძის მონაცემთა ელემენტები - ზოგადი ინფორმაცია |
| ფიქსირებული სიგრძის საკონტროლო ველი |
181216s2017||||ge |||||||||||||| ||geo|| |
| 020 ## - წიგნის საერთაშორისო სტანდარტული ნომერი |
| International Standard Book Number |
9789941275128 |
| 040 ## - კატალოგიზაციის წყარო |
| Transcribing agency |
GE_BSU |
| 041 ## - ენის კოდი |
| Language code of text/sound track or separate title |
geo |
| 080 ## - უნივერსალური ათობითი კლასიფიკაციის ინდექსი |
| Universal Decimal Classification number |
636.32/38(479.22) ღ-54 |
| 100 ## - მთავარი ჩანაწერი - პიროვნების სახელი |
| Personal name |
ღლიღვაშვილი, ვ. |
| 9 (RLIN) |
24909 |
| 245 ## - ცნობა სათაურის შესახებ |
| Title |
საქართველოს მომთაბარე მეცხოველეობა : |
| Remainder of title |
მონოგრაფია / |
| Statement of responsibility, etc |
ვ. ღლიღვაშვილი, გ. ღლიღვაშვილი, ივერი ქუცნაშვილი ,სამეცნ. რედ.ოთარ ნათიშვილი |
| 264 ## - წარმოების, გამოცემის, დისტრიბუციის და სხვა ცნობები |
| გამოცემის, წარმოების, დისტრიბუციის... ადგილი |
თბილისი : |
| გამოცემის, წარმოების, დისტრიბუციის... სახელწოდება |
საქ. მეცნიერებათა ეროვნული აკადემიის სტამბა, |
| გამოცემის, წარმოების, დისტრიბუციის... თარიღი |
2017. |
| 300 ## - ფიზიკური აღწერა |
| Extent |
172 გვ. : |
| Other physical details |
სურ., ცხრ. ; |
| Dimensions |
20 სმ. |
| 504 ## - BIBLIOGRAPHY, ETC. NOTE |
| Bibliography, etc |
ბიბლიოგრ.: გვ. 166-168. |
| 653 ## - INDEX TERM--UNCONTROLLED |
| Uncontrolled term |
მონოგრაფია |
| 653 ## - INDEX TERM--UNCONTROLLED |
| Uncontrolled term |
საქართველოს მომთაბარე მეცხოველეობა |
| 700 ## - ADDED ENTRY--PERSONAL NAME |
| Personal name |
ღლიღვაშვილი, გ. |
| 9 (RLIN) |
24910 |
| 700 ## - ADDED ENTRY--PERSONAL NAME |
| Personal name |
ქუცნაშვილი, ივერი |
| 9 (RLIN) |
24911 |
| 700 ## - ADDED ENTRY--PERSONAL NAME |
| Personal name |
ნათიშვილი, ოთარ |
| Relator term |
სამეცნიერო რედაქტორი |
| 9 (RLIN) |
14799 |
| 942 ## - ADDED ENTRY ELEMENTS (KOHA) |
| Koha item type |
წიგნი |
| Source of classification or shelving scheme |
|